000 00935naa a22002657a 4500
001 BR8905005
003 BR-BrBNA
005 20240918180532.0
007 ta
008 230509b bl.||||| |||| 00| 0 por d
040 _aBR-BrBNA
_bpor
_cBiblioteca Nacional de Agricultura
041 _a(Pt)
072 _aL10
_b5212
_b3580
090 _aL10 BR8905005
100 1 _aAdorni, R.C.
245 1 _aAnalise fiscal das partidas de semen bovino
260 3 _aBelo Horizonte, MG (Brasil):
_c1983.
500 _a3. 4. e 5. Curso de Fiscalizacao de Materiais de Multiplicacao Animal Belo Horizonte, MG (Brasil): 1983. p. 28-31 (BR8905005-AM)L10
650 _aBOVINO
650 _aSEMEN
650 _aINSEMINACAO ARTIFICIAL
773 0 _t3. 4. e 5. Curso de Fiscalizacao de Materiais de Multiplicacao Animal
_wL10 BR8905005
_gBelo Horizonte, MG (Brasil), 1983. p. 28-31
909 _a202404
_bLucia
_c55
_dLucia Elande
942 _cAM
_2AGRIS
999 _c320926
_d320926